Using DOS 4

Gespeichert in:
Bibliographische Detailangaben
1. Verfasser: Jamsa, Kris
Format: Buch
Sprache:Englisch
Veröffentlicht: Berkeley Osborne McGraw-Hill 1989
Ausgabe:1. ed.
Tags: Tag hinzufügen
Keine Tags, Fügen Sie das erste Tag hinzu!

MARC

LEADER 00000nam a2200000 4500
001 c031995
005 20250917082322.5
041 0 |a eng 
044 |a US 
245 1 0 |a Using DOS 4  |c Kris Jamsa 
250 |a 1. ed. 
264 1 |a Berkeley  |b Osborne McGraw-Hill  |c 1989 
300 |a 1022 s. 
100 1 |a Jamsa, Kris